ACE warns on terrorist exclusion clauses (Record no. 72459)
[ view plain ]
| 000 -LEADER | |
|---|---|
| fixed length control field | 00908cam a2200193 4500 |
| 001 - CONTROL NUMBER | |
| control field | WB3914-03 |
| 008 - FIXED-LENGTH DATA ELEMENTS--GENERAL INFORMATION | |
| fixed length control field | 030408n2003 000 0 eng u |
| 035 ## - SYSTEM CONTROL NUMBER | |
| System control number | (Sirsi) u121924 |
| 245 ## - TITLE STATEMENT | |
| Title | ACE warns on terrorist exclusion clauses |
| 260 ## - PUBLICATION, DISTRIBUTION, ETC. | |
| Date of publication, distribution, etc. | 2003 |
| 490 ## - SERIES STATEMENT | |
| Series statement | New Civil Engineer |
| Volume/sequential designation | 3 April 2003, 7(1) |
| 520 ## - SUMMARY, ETC. | |
| Summary, etc. | The Association of Consulting Engineers (ACE) has warned that designers of buildings struck by terrorist attacks will not be covered by professional indemnity (PI) insurance when their policies are renewed. An ACE briefing note advises members to exclude liability for structural failures of terrorist damaged buildings when agreeing client contracts. ACE at www.acenet.co.uk. |
| 590 ## - LOCAL NOTE (RLIN) | |
| Local note | WB |
| 650 ## - SUBJECT ADDED ENTRY--TOPICAL TERM | |
| Topical term or geographic name entry element | PROFESSIONAL INDEMNITY INSURANCE |
| 650 ## - SUBJECT ADDED ENTRY--TOPICAL TERM | |
| Topical term or geographic name entry element | TERRORISM |
| 650 ## - SUBJECT ADDED ENTRY--TOPICAL TERM | |
| Topical term or geographic name entry element | BUILT ENVIRONMENT-CONSTRUCTION DESIGN |
| 690 ## - LOCAL SUBJECT ADDED ENTRY--TOPICAL TERM (OCLC, RLIN) | |
| Topical term or geographic name as entry element | BUILT ENVIRONMENT-CONSTRUCTION DESIGN |
| 942 ## - ADDED ENTRY ELEMENTS (KOHA) | |
| Suppress in OPAC | 0 |
| Withdrawn status | Lost status | Source of classification or shelving scheme | Damaged status | Not for loan | Home library | Current library | Shelving location | Date acquired | Total Checkouts | Full call number | Barcode | Date last seen | Copy number | Price effective from | Koha item type |
|---|---|---|---|---|---|---|---|---|---|---|---|---|---|---|---|
| Dewey Decimal Classification | London | London | News article | 08/04/2003 | WB3914-03 | 121924-1001 | 06/08/2019 | 1 | 06/08/2019 | News article |